|
|
|
|
| LEADER |
02484nam a22005175i 4500 |
| 001 |
978-0-585-34906-0 |
| 003 |
DE-He213 |
| 005 |
20151204154339.0 |
| 007 |
cr nn 008mamaa |
| 008 |
130512s1998 xxu| s |||| 0|eng d |
| 020 |
|
|
|a 9780585349060
|9 978-0-585-34906-0
|
| 024 |
7 |
|
|a 10.1007/978-0-585-34906-0
|2 doi
|
| 040 |
|
|
|d GrThAP
|
| 050 |
|
4 |
|a QA76.9.T48
|
| 072 |
|
7 |
|a UGD
|2 bicssc
|
| 072 |
|
7 |
|a UFD
|2 bicssc
|
| 072 |
|
7 |
|a COM063000
|2 bisacsh
|
| 082 |
0 |
4 |
|a 005.72
|2 23
|
| 082 |
0 |
4 |
|a 005.52
|2 23
|
| 245 |
1 |
0 |
|a Electronic Multimedia Publishing
|h [electronic resource] :
|b Enabling Technologies and Authoring Issues /
|c edited by Fillia Makedon, Samuel A. Rebelsky.
|
| 264 |
|
1 |
|a Boston, MA :
|b Springer US :
|b Imprint: Springer,
|c 1998.
|
| 300 |
|
|
|a IV, 108 p.
|b online resource.
|
| 336 |
|
|
|a text
|b txt
|2 rdacontent
|
| 337 |
|
|
|a computer
|b c
|2 rdamedia
|
| 338 |
|
|
|a online resource
|b cr
|2 rdacarrier
|
| 347 |
|
|
|a text file
|b PDF
|2 rda
|
| 505 |
0 |
|
|a MediaWeaver—A Distributed Media Authoring System for Networked Scholarly Workspaces -- ASML: Automatic Site Markup Language -- ASTER—Towards Modality-Independent Electronic Documents -- Structural Queries in Electronic Corpora -- Obstacles in Web Multimedia Publishing: Bringing Conference Proceedings On-Line -- Resource-Limited Hyper-Reproductions: Electronically Reproducing and Extending Lectures.
|
| 520 |
|
|
|a Electronic Multimedia Publishing brings together in one place important contributions and up-to-date research results in this fast moving area. Electronic Mulitmedia Publishing serves as an excellent reference, providing insight into some of the most challenging research issues in the field.
|
| 650 |
|
0 |
|a Computer science.
|
| 650 |
|
0 |
|a Multimedia information systems.
|
| 650 |
|
0 |
|a User interfaces (Computer systems).
|
| 650 |
|
0 |
|a Text processing (Computer science).
|
| 650 |
1 |
4 |
|a Computer Science.
|
| 650 |
2 |
4 |
|a Document Preparation and Text Processing.
|
| 650 |
2 |
4 |
|a Multimedia Information Systems.
|
| 650 |
2 |
4 |
|a User Interfaces and Human Computer Interaction.
|
| 650 |
2 |
4 |
|a Computer Science, general.
|
| 700 |
1 |
|
|a Makedon, Fillia.
|e editor.
|
| 700 |
1 |
|
|a Rebelsky, Samuel A.
|e editor.
|
| 710 |
2 |
|
|a SpringerLink (Online service)
|
| 773 |
0 |
|
|t Springer eBooks
|
| 776 |
0 |
8 |
|i Printed edition:
|z 9781475782714
|
| 856 |
4 |
0 |
|u http://dx.doi.org/10.1007/978-0-585-34906-0
|z Full Text via HEAL-Link
|
| 912 |
|
|
|a ZDB-2-SCS
|
| 912 |
|
|
|a ZDB-2-BAE
|
| 950 |
|
|
|a Computer Science (Springer-11645)
|